000 00393nam a2200157Ia 4500
008 230524s9999 xx 000 0 und d
082 _a4.32
_bMAS
100 _aGlenn Maslen
_910867
245 0 _aIntroduction to Oracle :SQL Plus and PL/SQL
250 _a2ND
260 _aNEW DELHI
_bSSIL
_c1999
300 _aXVIII;478
500 _aQuantity Number: 1
650 _aComp-Sc
942 _cBK
999 _c14802
_d14802